Taxmann Students Guide to Income Tax Including GST 2023-24 (Record no. 227970)

MARC details
000 -LEADER
fixed length control field 04264nam a22003137a 4500
005 - DATE AND TIME OF LATEST TRANSACTION
control field 20230728122003.0
008 - FIXED-LENGTH DATA ELEMENTS--GENERAL INFORMATION
fixed length control field 230718b ||||| |||| 00| 0 eng d
020 ## - INTERNATIONAL STANDARD BOOK NUMBER
International Standard Book Number 9789357780568
040 ## - CATALOGING SOURCE
Transcribing agency AL
041 ## - LANGUAGE CODE
Language code of text/sound track or separate title eng
082 ## - DEWEY DECIMAL CLASSIFICATION NUMBER
Edition number 23
Classification number 657.46
Item number SINT
100 ## - MAIN ENTRY--PERSONAL NAME
Personal name Vinod K Singhania
100 ## - MAIN ENTRY--PERSONAL NAME
9 (RLIN) 128821
100 ## - MAIN ENTRY--PERSONAL NAME
Dates associated with a name Monica Singhania
9 (RLIN) 127645
245 ## - TITLE STATEMENT
Title Taxmann Students Guide to Income Tax Including GST 2023-24
250 ## - EDITION STATEMENT
Edition statement 69
260 ## - PUBLICATION, DISTRIBUTION, ETC.
Place of publication, distribution, etc. New Delhi
Name of publisher, distributor, etc. Taxmann Publications Pvt Ltd
Date of publication, distribution, etc. 2023
300 ## - PHYSICAL DESCRIPTION
Extent xvii,1039p.
Other physical details PB
Dimensions 27x21cm.
365 ## - TRADE PRICE
Source of price type code Commerce
Price type code 2915
Price amount 1320.00
Currency code
Unit of pricing 1650
Price note 20%
Price effective from 18-07-2023
520 ## - SUMMARY, ETC.
Summary, etc. Taxmann's flagship publication for Students on Income Tax & GST Law(s) has been designed to bridge the gap between theory and application. This book is written in simple language, explaining the provision of the law in a step-by-step manner with the help of suitable illustrations, without resorting to paraphrasing of sections and legal jargons.<br/>This book is an authentic, up-to-date & amended textbook on Income Tax & GST for students of CA Intermediate (Nov. 2023), CS Executive (Dec. 2023), CMA (Dec. 2023), B.Com., M.Com., MBA and other Professional Examinations.<br/>The Present Publication is the 69th Edition and is updated till 31st May 2023. This book is authored by Dr Vinod K. Singhania & Dr Monica Singhania, with the following noteworthy features:<br/>[Coverage] of this book includes:<br/>Unit 1 – Income Taxes<br/>Unit 2 – GST<br/>[500+ Solved Problems] and an equal number of unsolved exercises<br/>[Question set for CA (Inter/IPCC) Examination] for the last five years is given along with solutions for theory as well as practical questions<br/>Answers to Income Tax problems are solved as per the law applicable for A.Y. 2023-24<br/>GST problems are solved in accordance with law as amended up to 31st May 2023<br/>[Features] of this book are as follows:<br/>[Self-Learning/Practice Book] Features teach yourself technique enabling students to learn faster<br/>[Analytical Discussions] are included in each para supported by 'well-thought-out-original-problems'. A unique style of illustrating all complex provisions has been adopted throughout this book<br/>[Every solved problem is followed by an unsolved exercise] for which answers are given at the end of the book<br/>For Solutions to the unsolved exercises, students may refer to the 27th Edition of Taxmann's Students' Guide to Income Tax including GST Problems & Solutions<br/>Follows Six-Sigma Approach to achieve the benchmark of 'Zero-Error'<br/><br/><br/>
521 ## - TARGET AUDIENCE NOTE
Target audience note Contents : Income Tax Basic concepts that one must know Residential status and its effect on tax incidence Income that is exempt from tax Income under the head 'Salaries' and its computation Income under the head' Income from house property' and its computation Income under the head' Profits and gains of business or profession' and its computation Income under the head' Capital gains' and its computation Income under the head' Income from other sources' and its computation Clubbing of income Set-off and carry forward of losses Permissible deductions from gross total income Meaning of agriculture income and its tax treatment Individuals – Computation of taxable income Hindu undivided families – Computation of taxable income Firms and association of persons – Computation of taxable income Return of income Advance payment of tax Deduction and collection of tax at source Interest payable by assessee/Government GST Basic concepts of GST Concept of Supply Levy of GST Exemptions from GST Place of supply Time of supply Value of taxable supply Reverse charge mechanism Input tax credit Composition Scheme and Alternative Composition Scheme Registration Tax invoice, credit and debit notes Returns, tax payment and interest Provisions governing Real Estate Services Problems on GST Appendix Tax Rates Question set for CA (Intermediate) Examinations and Answers Depreciation rates for power-generating units Answers to unsolved exercises
650 ## - SUBJECT ADDED ENTRY--TOPICAL TERM
Topical term or geographic name entry element GST
9 (RLIN) 127646
650 ## - SUBJECT ADDED ENTRY--TOPICAL TERM
Topical term or geographic name entry element updated till 31st May 2023
9 (RLIN) 128822
650 ## - SUBJECT ADDED ENTRY--TOPICAL TERM
Topical term or geographic name entry element Capital Gains
9 (RLIN) 127647
650 ## - SUBJECT ADDED ENTRY--TOPICAL TERM
Topical term or geographic name entry element Salaries
9 (RLIN) 127648
650 ## - SUBJECT ADDED ENTRY--TOPICAL TERM
Topical term or geographic name entry element Exempt from Tax
9 (RLIN) 127649
700 ## - ADDED ENTRY--PERSONAL NAME
Personal name SINGHANIA (Vinod K)
9 (RLIN) 127650
700 ## - ADDED ENTRY--PERSONAL NAME
Personal name SINGHANIA (Monica)
9 (RLIN) 127651
942 ## - ADDED ENTRY ELEMENTS (KOHA)
Source of classification or shelving scheme Dewey Decimal Classification
Koha item type Book
Holdings
Withdrawn status Lost status Source of classification or shelving scheme Damaged status Not for loan Collection code Home library Current library Date acquired Source of acquisition Cost, normal purchase price Total Checkouts Full call number Barcode Date last seen Date last checked out Cost, replacement price Price effective from Koha item type
    Dewey Decimal Classification     Commerce St Aloysius Library St Aloysius Library 07/18/2023 Biblios Book Point Surathkal Mangalore 575014 1320.00 1 657.46 SINT 076566 05/06/2024 07/19/2023 1650.00 07/18/2023 Book
    Dewey Decimal Classification     Commerce St Aloysius Library St Aloysius Library 07/18/2023 Biblios Book Point Surathkal Mangalore 575014 1320.00 4 657.46 SINT 076567 09/19/2025 09/04/2025 1650.00 07/18/2023 Book
    Dewey Decimal Classification     Commerce St Aloysius Library St Aloysius Library 07/18/2023 Biblios Book Point Surathkal Mangalore 575014 1320.00 4 657.46 SINT 076568 05/20/2025 11/30/2024 1650.00 07/18/2023 Book
    Dewey Decimal Classification     Management St Aloysius Library St Aloysius Library 07/20/2023 Biblios Book Point Surathkal Mangalore 575014 1370.00 1 657.46 SINT 076583 05/09/2024 07/22/2023 1650.00 07/20/2023 Book